000 00752nam a22001577a 4500
003 OSt
005 20150916093400.0
008 150916b xxu||||| |||| 00| 0 eng d
040 _cRUA
082 _aAGR EA 2001 B027 Or.1
100 _9562
_aEA, DARA.
245 _alocal with institutional development structures in kampong thom province with provincial development programme "pdp"(ការរៀបចំរចនាសម្ព័ន្ធអភិវឌ្ឍន៍នៅតាមមូលដ្ឋានក្នុងគំរោងកម្មវិធីអភិវឌ្ឍន៍ខេត្ត "ភី ឌី ភី" ខេត្តកំពង់ធំ)
260 _aPhnom Penh
_bRUA
_c2001
300 _a41p.
_bill.
_c29cm.
942 _2ddc
_cAGR
999 _c540
_d540